000 00258 a2200145 4500
001 171055
020 _a
040 _cMagnum
100 _aHirsch, Sonia
240 1 0 _aDido
_lpor
245 1 0 _aDido
362 0 _a1899
697 _aJ/GERAL
942 _cBK
999 _c171055
_d171055